000
00249 a2200085 4500
020
_a
9781941806548
100
_a
Patricia Chase and Nancy K. Rivenburgh
245
_a
Envisioning Better Cities: A Global Tour of Good Ideas
260
_b
ORO Editions
_c
2019
999
_c
13322
_d
13322